000 00600nam a2200241Ia 4500
003 OSt
005 20221007100355.0
006 a|||||r|||| 00| 0
007 ta
008 221006b |||||||| |||| 00| 0 eng d
024 _a4,317
037 _cTextual
040 _aLCO
_cLCO
_beng
041 _2eng
_aeng
082 _aV243,7, L2
100 _aMANN T K
245 0 _aAdministration of justice in India
260 _aNew
_bDelhi Concept Pub.
_c1972
300 _a211
650 _aADMINISTRATION
942 _hV243,7, L2
_cTEXL
999 _c1173880
_d1173880